Viviendas de uso turs̕tico y plataformas colaborativas en Espaą Aproximacin̤ al rǧimen jurd̕ico /

Detalles Bibliográficos
Autor principal: Garca̕ Saura, Pilar Juana
Formato: eBook
Lenguaje:español
Publicado: Madrid: Dykinson, 2019
Materias:
Acceso en línea:Acceso restringido

MARC

LEADER 00000nam a22000007a 4500
005 20191031201553.0
008 191031s2019 es |||||s|||| 00||0 spa d
020 |a 978-84-1324-304-7 
035 |a 30608 
040 |a vLex 
090 |c 9987  |d 9987 
100 1 |a Garca̕ Saura, Pilar Juana 
245 1 0 |a Viviendas de uso turs̕tico y plataformas colaborativas en Espaą  |h [Recurso electrn̤ico] :  |b Aproximacin̤ al rǧimen jurd̕ico /  |c Pilar Juana Garca̕ Saura 
256 |a Servicio en ln̕ea 
260 |a Madrid:  |b Dykinson,  |c 2019 
300 |a 1 recurso electrn̤ico 
506 1 |a Disponible solo en los productos indicados  |d vLex Global  |d vLex Global (Academic Edition, excluding Law Schools)  |d vLex Global (U.S. Academic Edition, Law Schools)  |d vLex Global (U.S. Academic Edition, excluding Law Schools)  |d vLex Global (Academic Edition, Law Schools) 
650 0 4 |a Derecho Pb︢lico y Administrativo  |z Espaą 
740 0 |a vLex Libros (Servicio en ln̕ea) 
856 4 0 |u http://vlex.com/source/viviendas-uso-turistico-plataformas-colaborativas-espa-a-aproximacion-regimen-juridico-30608  |z Acceso restringido 
942 |c BOOK 
999 0 |a Public and Administrative Law